[Event "FICGS theme 0001 email"]
[Site "FICGS email"]
[Date "2010.09.18"]
[Round "1"]
[White "Bhandarkar, Dinesh"]
[Black "Mukherjee, Deepankar"]
[Result "1-0"]
[WhiteElo "1726"]
[BlackElo "1528"]
[PlyCount "31"]
[EventDate "2010.??.??"]
[EventType "swiss (corr)"]
[EventRounds "1"]
[SourceTitle "Corr 2013"]
[Source "ChessBase"]
[SourceDate "2012.11.12"]
[SourceVersion "1"]
[SourceVersionDate "2012.11.12"]
[SourceQuality "1"]

1. f4 d5 2. Nf3 c5 3. c4 d4 4. b4 b6 5. g3 Bb7 6. Bg2 g6 7. 0-0 Bg7 8. bxc5 d3 9. Nc3 bxc5 10. Rb1 Bd4+ 11. e3 Bg7 12. Rxb7 Nc6 13. Qa4 Qd6 14. Ne5 Bxe5 15. Bxc6+ Kf8 16. fxe5 1-0

[Event "FICGS theme 0001 email"]
[Site "FICGS email"]
[Date "2010.09.18"]
[Round "1"]
[White "Mukherjee, Deepankar"]
[Black "Hase, Pavel"]
[Result "0-1"]
[WhiteElo "1528"]
[BlackElo "2176"]
[PlyCount "38"]
[EventDate "2010.??.??"]
[EventType "swiss (corr)"]
[EventRounds "1"]
[SourceTitle "Corr 2013"]
[Source "ChessBase"]
[SourceDate "2012.11.12"]
[SourceVersion "1"]
[SourceVersionDate "2012.11.12"]
[SourceQuality "1"]

1. f4 d5 2. Nf3 c5 3. c4 d4 4. b4 cxb4 5. d3 Nh6 6. Bb2 Nf5 7. Nbd2 Nc6 8. Nb3 a5 9. g4 Ne3 10. Qc1 e5 11. fxe5 Bxg4 12. Nfxd4 Qh4+ 13. Kd2 Be7 14. Nb5 Bg5 15. Qb1 Qf2 16. Nd6+ Kf8 17. Ne4 Nxc4+ 18. Kd1 Ne3+ 19. Kd2 Nxf1+ 0-1

[Event "FICGS class D 000145 email"]
[Site "FICGS email"]
[Date "2010.04.03"]
[Round "1"]
[White "Mukherjee, Deepankar"]
[Black "Huxtable, Simon"]
[Result "1-0"]
[WhiteElo "1417"]
[BlackElo "1445"]
[PlyCount "23"]
[EventDate "2010.??.??"]
[EventType "tourn (corr)"]
[EventRounds "6"]
[SourceTitle "Corr 2013"]
[Source "ChessBase"]
[SourceDate "2012.11.12"]
[SourceVersion "1"]
[SourceVersionDate "2012.11.12"]
[SourceQuality "1"]

1. e4 c6 2. d4 d5 3. Nc3 dxe4 4. Nxe4 Bf5 5. Ng3 Bg6 6. Nf3 h6 7. Ne5 Bh7 8. Bc4 e6 9. 0-0 Nf6 10. Qe2 Bd6 11. Nxf7 0-0 12. Nxd8 1-0

[Event "FICGS class D 000145 email"]
[Site "FICGS email"]
[Date "2010.04.03"]
[Round "1"]
[White "Mukherjee, Deepankar"]
[Black "Leurette, Marc Antoine"]
[Result "0-1"]
[WhiteElo "1417"]
[BlackElo "1412"]
[PlyCount "38"]
[EventDate "2010.??.??"]
[EventType "tourn (corr)"]
[EventRounds "6"]
[SourceTitle "Corr 2013"]
[Source "ChessBase"]
[SourceDate "2012.11.12"]
[SourceVersion "1"]
[SourceVersionDate "2012.11.12"]
[SourceQuality "1"]

1. e4 e5 2. Nf3 Nc6 3. Bb5 Nf6 4. 0-0 Nxe4 5. Re1 Nd6 6. Nxe5 Nxe5 7. Rxe5+ Be7 8. Qe1 0-0 9. Rxe7 Nxb5 10. d3 Nd4 11. Na3 Nf5 12. Re5 d6 13. Re2 Be6 14. Bf4 Qf6 15. c3 Rfe8 16. d4 Nh4 17. d5 Qxf4 18. dxe6 Qg4 19. f3 Nxf3+ 0-1

[Event "FICGS class D 000145 email"]
[Site "FICGS email"]
[Date "2010.04.03"]
[Round "1"]
[White "Mukherjee, Deepankar"]
[Black "Moreno, Ciro Angel"]
[Result "0-1"]
[WhiteElo "1417"]
[BlackElo "1507"]
[PlyCount "38"]
[EventDate "2010.??.??"]
[EventType "tourn (corr)"]
[EventRounds "6"]
[SourceTitle "Corr 2013"]
[Source "ChessBase"]
[SourceDate "2012.11.12"]
[SourceVersion "1"]
[SourceVersionDate "2012.11.12"]
[SourceQuality "1"]

1. e4 c5 2. Nf3 Nc6 3. d4 cxd4 4. Nxd4 e5 5. Nf5 d5 6. Qxd5 Qxd5 7. exd5 Bxf5 8. dxc6 bxc6 9. Bd3 Bxd3 10. cxd3 Rd8 11. Ke2 Bc5 12. Be3 Bb6 13. Nc3 Ne7 14. Rac1 Rb8 15. b3 Kd7 16. Rhd1 Rhd8 17. d4 exd4 18. Bxd4 Ke6 19. Bxg7 Nf5 0-1